000 00396nam a2200169Ia 4500
001 11642
003 IN-NITTTR
005 20251114233109.0
008 251113s9999||||xx |||||||||||||| ||eng||
040 _beng
040 _cIN-NITTTR
041 _aeng
082 _a005.26 F811P
100 _aFoster, Caxton C.
245 0 _aProgramming a microcomputer /
_cFoster, Caxton C.
942 _2ddc
_cBK
999 _c14278
_d14278